000 00851cam a22002777a 4500
003 CHAP
005 20220329140012.0
008 971013s1982 r 00010 d
010 _a45352
011 _a46324
035 _a50465
040 _cCHAP
082 _a407
_bU5
110 _aUACH. Centro de Idiomas
_9115829
245 1 3 _aLa enseñanza de lenguas extranjeras en la unidad regional de zonas áridas
260 _aChapingo, Méx. :
_bUACH,
_c1982
300 _a283 h.
590 _aBATCH-UPD
_b10
_c20130110
_lUCH01
_h1912
590 _aBATCH-UPD
_b10
_c20130410
_lUCH01
_h1238
590 _aBATCH-UPD
_b10
_c20130914
_lUCH01
_h1722
590 _aCONVERSION
_b10
_c20130109
_lUCH01
_h1325
650 1 4 _aLenguas
_xEstudio y enseñanza.
_965994
901 _aBK
942 _cLIBRO
949 _a407 U5
_bBC
_cUACH
_d-113400
_eUACH
_h61894
_i50465
_mD
_si
999 _c45352
_d45352